|
|
|
|
| LEADER |
00000nam0a2200000 4500 |
| 001 |
55631 |
| 005 |
20231031052542.0 |
| 035 |
|
|
|a (RuTPU)RU\TPU\book\58387
|
| 090 |
|
|
|a 55631
|
| 100 |
|
|
|a 20030918d1977 km y0rusy50 ca
|
| 101 |
0 |
|
|a rus
|a eng
|
| 102 |
|
|
|a RU
|
| 105 |
|
|
|a a eg 001zy
|
| 200 |
1 |
|
|a Русско-английский разговорник для физиков
|a Ядерная физика и смежные области
|d Russian-English prase-book for physicists
|f Л. А. Смирнова
|g Под ред. Д. М. Толстого
|
| 205 |
|
|
|a 2-е изд., испр. и доп.
|
| 210 |
|
|
|a Москва
|c Русский язык
|d 1977
|
| 215 |
|
|
|a 312 с.
|c ил.
|
| 300 |
|
|
|a Доп. тит лист
|
| 320 |
|
|
|a Указатель русских слов и выражений: с. 305-312.
|
| 610 |
1 |
|
|a ядерная физика
|
| 610 |
1 |
|
|a разговорники
|
| 610 |
1 |
|
|a лексика
|
| 610 |
1 |
|
|a терминология
|
| 610 |
1 |
|
|a английский язык
|
| 610 |
1 |
|
|a русский язык
|
| 610 |
1 |
|
|a словари
|
| 610 |
1 |
|
|a русско-английские словари
|
| 675 |
|
|
|a 539.1(03)
|v 3
|
| 686 |
|
|
|a Ш143.21-43
|2 rubbk
|
| 700 |
|
1 |
|a Смирнова
|b Л. А.
|g Людмила Александровна
|
| 702 |
|
1 |
|a Толстой
|b Д. М.
|4 340
|
| 801 |
|
1 |
|a RU
|b 63413507
|c 20030918
|g PSBO
|
| 801 |
|
2 |
|a RU
|b 63413507
|c 20170118
|g PSBO
|
| 942 |
|
|
|c BK
|